[Event "LTU chess league"]
[Site "LTU"]
[Date "2008.12.07"]
[Round "3.42"]
[White "Mickevicius, Juras"]
[Black "Kudzma, Laimonas"]
[Result "1-0"]
[WhiteElo "2322"]
[BlackElo "2255"]
[PlyCount "69"]
[EventDate "2008.11.08"]

1. d4 Nf6 2. c4 c5 3. d5 e5 4. Nc3 d6 5. e4 Be7 6. g3 b5 7. cxb5 a6 8. Nf3 O-O
9. Bd2 axb5 10. Bxb5 Ba6 11. a4 Ne8 12. h4 Nc7 13. O-O Nd7 14. Qe2 f5 15. Ng5
f4 16. Ne6 f3 17. Qe3 Nxe6 18. dxe6 Bxb5 19. axb5 Nb6 20. Nd5 Nxd5 21. exd5 Qb8
22. Qd3 Ra7 23. Ra3 c4 24. Qxc4 Rc7 25. Qd3 Rc5 26. b4 Rxb5 27. Rfa1 Qb7 28.
Ra7 Qxd5 29. Qxd5 Rxd5 30. Rxe7 Rxd2 31. Raa7 Rc8 32. Rxg7+ Kh8 33. Rxh7+ Kg8
34. Rag7+ Kf8 35. e7+ 1-0

[Event "LTU chess league"]
[Site "LTU"]
[Date "2008.12.07"]
[Round "3.43"]
[White "Skrebnevskis, Romanas"]
[Black "Chocenka, Dmitrijus"]
[Result "1/2-1/2"]
[WhiteElo "2235"]
[BlackElo "2297"]
[PlyCount "80"]
[EventDate "2008.11.08"]

1. d4 Nf6 2. c4 g6 3. Nc3 Bg7 4. e4 d6 5. Be2 O-O 6. Nf3 e5 7. d5 Na6 8. Nd2 c5
9. a3 Ne8 10. h4 h5 11. Nf3 Nac7 12. b4 b6 13. Rb1 Nf6 14. Ng5 Nce8 15. Be3 Ng4
16. Bxg4 Bxg4 17. f3 Bd7 18. O-O Nc7 19. Rb2 f6 20. Ne6 Nxe6 21. dxe6 Bxe6 22.
Qd3 cxb4 23. axb4 Qc7 24. Nd5 Qf7 25. c5 dxc5 26. bxc5 bxc5 27. Rfb1 Rfd8 28.
Rb7 Rd7 29. Rxd7 Qxd7 30. Bxc5 Kh7 31. Qb5 Qxb5 32. Rxb5 a5 33. Nc7 Bc4 34. Rb7
Rc8 35. Ra7 a4 36. Be7 Kg8 37. Nd5 Bxd5 38. exd5 Bf8 39. Bxf8 Kxf8 40. Rxa4 Rd8
1/2-1/2

[Event "LTU chess league"]
[Site "LTU"]
[Date "2008.12.07"]
[Round "3.45"]
[White "Kalvyte, Vesta"]
[Black "Petkeviciute, Justina"]
[Result "1-0"]
[WhiteElo "1981"]
[BlackElo "1812"]
[PlyCount "61"]
[EventDate "2008.11.08"]

1. e4 c6 2. d4 d5 3. Nd2 dxe4 4. Nxe4 Nd7 5. Nf3 Ngf6 6. Nxf6+ Nxf6 7. Bc4 e6
8. Bg5 Be7 9. Qe2 Qc7 10. O-O-O b5 11. Bd3 a6 12. Kb1 Bb7 13. Bxf6 Bxf6 14. Be4
Rb8 15. g4 Be7 16. Rhe1 Rd8 17. Ne5 Bf6 18. f4 Bxe5 19. fxe5 Ba8 20. Qd3 g6 21.
h4 c5 22. Bxa8 Rxa8 23. Qf3 Rc8 24. Qf6 Rg8 25. d5 Qd8 26. dxe6 Qxf6 27. exf6
fxe6 28. Rxe6+ Kf7 29. Rde1 g5 30. Re7+ Kf8 31. f7 1-0

[Event "LTU chess league"]
[Site "LTU"]
[Date "2008.12.07"]
[Round "3.51"]
[White "Asauskas, Henrikas"]
[Black "Sulskis, Sarunas"]
[Result "1-0"]
[WhiteElo "2323"]
[BlackElo "2572"]
[PlyCount "107"]
[EventDate "2008.11.08"]

1. e4 e5 2. f4 exf4 3. Bc4 c6 4. d4 d5 5. exd5 cxd5 6. Bb5+ Bd7 7. Bxd7+ Qxd7
8. Bxf4 Bd6 9. Bxd6 Qxd6 10. Qg4 Nc6 11. Qxg7 O-O-O 12. Ne2 Nh6 13. O-O Qe6 14.
Nf4 Qd6 15. Qg3 Nxd4 16. Nc3 Kb8 17. Qf2 Ndf5 18. Nfxd5 Rhe8 19. Rad1 Ng4 20.
Qf4 h5 21. Qxd6+ Nxd6 22. h3 Ne5 23. Nf6 Rh8 24. Rd5 Nec4 25. Nd1 h4 26. b3 Nb6
27. Re5 Nd7 28. Nxd7+ Rxd7 29. Rd5 Kc7 30. c4 Ne4 31. Ne3 f6 32. Rf4 Nc3 33.
Rxd7+ Kxd7 34. Rxf6 Nxa2 35. Nd5 Nc1 36. Rf7+ Kc8 37. b4 Kb8 38. Kf2 Nd3+ 39.
Ke3 Ne5 40. Rf4 b6 41. Re4 Nc6 42. b5 Na5 43. Ne7 Kc7 44. Ng6 Rc8 45. Nxh4 Kd6
46. Kd3 Rf8 47. g4 Rf1 48. g5 Rh1 49. Nf5+ Kc5 50. g6 Rxh3+ 51. Ke2 Rh2+ 52.
Kf3 Rh8 53. Rh4 Rf8 54. g7 1-0

[Event "LTU chess league"]
[Site "LTU"]
[Date "2008.12.07"]
[Round "3.52"]
[White "Beinoras, Mindaugas"]
[Black "Savickas, Airidas"]
[Result "1/2-1/2"]
[WhiteElo "2434"]
[BlackElo "2358"]
[PlyCount "49"]
[EventDate "2008.11.08"]

1. d4 Nf6 2. c4 c5 3. d5 b5 4. Qc2 e6 5. e4 bxc4 6. Bxc4 exd5 7. exd5 d6 8. Nc3
Be7 9. Nge2 O-O 10. O-O Nbd7 11. Ng3 Nb6 12. b3 Nxc4 13. bxc4 Nd7 14. Bb2 Rb8
15. Nb5 a6 16. Na7 Rxb2 17. Qxb2 Bf6 18. Qb3 Bxa1 19. Rxa1 Ne5 20. Nxc8 Qxc8
21. Re1 Qg4 22. Ne4 Re8 23. Kf1 Qd7 24. Qg3 Kf8 25. Qc3 1/2-1/2

[Event "LTU chess league"]
[Site "LTU"]
[Date "2008.12.07"]
[Round "3.53"]
[White "Kalvaitis, Sigitas"]
[Black "Vaznonis, Vytautas"]
[Result "1/2-1/2"]
[WhiteElo "2230"]
[BlackElo "2385"]
[PlyCount "39"]
[EventDate "2008.11.08"]

1. e4 e6 2. d4 d5 3. Nc3 Nc6 4. Nf3 Nf6 5. Bg5 Be7 6. exd5 Nxd5 7. Bxe7 Qxe7 8.
Qd2 O-O 9. O-O-O Nxc3 10. Qxc3 Nb4 11. Kb1 b6 12. a3 Nd5 13. Qd2 Bb7 14. Bd3
Rfc8 15. Rhe1 Nf6 16. Qf4 c5 17. dxc5 Bxf3 18. Qxf3 Qxc5 19. Qe3 Qc6 20. Be4
1/2-1/2

[Event "LTU chess league"]
[Site "LTU"]
[Date "2008.12.07"]
[Round "3.54"]
[White "Klimciauskas, Domantas"]
[Black "Godlauskas, Kazys"]
[Result "1/2-1/2"]
[WhiteElo "2215"]
[BlackElo "2274"]
[PlyCount "52"]
[EventDate "2008.11.08"]

1. e4 e6 2. d4 d5 3. Nc3 Nf6 4. Bg5 Be7 5. e5 Nfd7 6. Bxe7 Qxe7 7. f4 a6 8. Nf3
Nb6 9. Bd3 Nc6 10. O-O Bd7 11. Ne2 O-O-O 12. c3 f5 13. exf6 gxf6 14. a4 e5 15.
a5 Nc4 16. Bxc4 dxc4 17. fxe5 fxe5 18. Nxe5 Nxe5 19. dxe5 Qxe5 20. Nd4 Rhg8 21.
Qe2 Qc5 22. Rf2 Rg6 23. Kh1 Rdg8 24. Re1 Qxa5 25. Qxc4 Kb8 26. Ref1 Bc8 1/2-1/2

[Event "LTU chess league"]
[Site "LTU"]
[Date "2008.12.07"]
[Round "3.55"]
[White "Domarkaite, Laima"]
[Black "Beinoraite, Viktorija"]
[Result "1-0"]
[WhiteElo "2165"]
[BlackElo "2051"]
[PlyCount "79"]
[EventDate "2008.11.08"]

1. e4 e6 2. d4 d5 3. Nd2 c5 4. exd5 Qxd5 5. Ngf3 cxd4 6. Bc4 Qd6 7. O-O Nf6 8.
Nb3 Nc6 9. Qe2 a6 10. a4 Qc7 11. Rd1 Bd6 12. Bg5 Bd7 13. Nbxd4 Nxd4 14. Rxd4
Bc5 15. Rh4 Bc6 16. Ne5 Bd6 17. Nxc6 Qxc6 18. Bxf6 gxf6 19. Bd3 Ke7 20. Be4 Qb6
21. c3 Rac8 22. Bf3 h6 23. Rd1 Rcd8 24. g3 Qc7 25. Rc4 Qb8 26. Qe4 Rd7 27. Rcd4
f5 28. Qh4+ f6 29. Re1 Be5 30. Rxd7+ Kxd7 31. Qb4 b6 32. Qc4 Qc8 33. Rd1+ Ke7
34. Qb3 Qc5 35. a5 Rb8 36. Qa4 b5 37. Qh4 Rh8 38. Qh5 Qc8 39. Kg2 Qf8 40. Bb7 {
... ...} 1-0

[Event "LTU chess league"]
[Site "LTU"]
[Date "2008.12.14"]
[Round "4.11"]
[White "Asauskas, Henrikas"]
[Black "Zagorskis, Darius"]
[Result "1/2-1/2"]
[WhiteElo "2323"]
[BlackElo "2509"]
[PlyCount "57"]
[EventDate "2008.11.08"]

1. e4 c5 2. Nf3 e6 3. d4 cxd4 4. Nxd4 a6 5. Nc3 Qc7 6. g4 Nc6 7. Bg2 Bd6 8.
Nce2 Nf6 9. Ng3 Nxd4 10. Qxd4 Be5 11. Qd1 d5 12. g5 Nxe4 13. Nxe4 dxe4 14. Bxe4
Bd7 15. Qf3 O-O-O 16. Bd2 f5 17. gxf6 gxf6 18. Qb3 Bc6 19. Qxe6+ Kb8 20. Bxc6
Rd6 21. Qf5 Bxb2 22. Bf4 Bxa1 23. Bxd6 Qxd6 24. Be4 Qb4+ 25. Ke2 Re8 26. Kf3
Qc3+ 27. Bd3 Qc6+ 28. Be4 Qc3+ 29. Bd3 1/2-1/2

[Event "LTU chess league"]
[Site "LTU"]
[Date "2008.12.14"]
[Round "4.12"]
[White "Grabliauskas, Virginijus"]
[Black "Savickas, Airidas"]
[Result "0-1"]
[WhiteElo "2427"]
[BlackElo "2358"]
[PlyCount "76"]
[EventDate "2008.11.08"]

1. d4 Nf6 2. c4 g6 3. Nc3 Bg7 4. e4 d6 5. Nf3 O-O 6. Be2 e5 7. O-O Nc6 8. d5
Ne7 9. Ne1 Nd7 10. Be3 f5 11. f3 f4 12. Bf2 g5 13. a4 Ng6 14. a5 Kh8 15. Nd3
Nf6 16. c5 Rg8 17. cxd6 cxd6 18. Ra4 h5 19. Nb5 g4 20. Rc4 g3 21. hxg3 fxg3 22.
Bxg3 h4 23. Bh2 Nh5 24. f4 Nhxf4 25. Nxf4 Nxf4 26. Rxf4 exf4 27. Bxf4 Be5 28.
Bf1 Bg4 29. Bxe5+ dxe5 30. Qe1 Rg7 31. d6 Qg5 32. Rc5 Rf8 33. Nd4 h3 34. Qg3
Qf6 35. Nf3 Bxf3 36. Qxh3+ Rh7 37. Qxf3 Qh6 38. Qh3 Qf4 0-1

[Event "LTU chess league"]
[Site "LTU"]
[Date "2008.12.14"]
[Round "4.13"]
[White "Kalvaitis, Sigitas"]
[Black "Bandza, Algirdas"]
[Result "0-1"]
[WhiteElo "2230"]
[BlackElo "2378"]
[PlyCount "66"]
[EventDate "2008.11.08"]

1. e4 e5 2. Nf3 Nc6 3. Bb5 a6 4. Bxc6 dxc6 5. O-O f6 6. d4 Bg4 7. dxe5 Qxd1 8.
Rxd1 fxe5 9. Rd3 Bd6 10. Nbd2 b5 11. b3 Ne7 12. Bb2 Ng6 13. g3 O-O 14. Kg2 Rf6
15. h3 Bd7 16. Rf1 Re8 17. c4 c5 18. Nh2 Rf7 19. Ng4 h5 20. Ne3 h4 21. Nd5 Ref8
22. Ne3 Re8 23. Nd5 Ref8 24. Ne3 Be6 25. Bc3 Ne7 26. a3 Nc6 27. g4 g6 28. Nd5
Nd4 29. Bxd4 cxd4 30. b4 c6 31. Nb6 Bc7 32. cxb5 axb5 33. Nf3 Bc4 0-1

[Event "LTU chess league"]
[Site "LTU"]
[Date "2008.12.14"]
[Round "4.14"]
[White "Dambrauskas, Virginijus"]
[Black "Godlauskas, Kazys"]
[Result "1-0"]
[WhiteElo "2338"]
[BlackElo "2274"]
[PlyCount "119"]
[EventDate "2008.11.08"]

1. d4 Nf6 2. c4 e6 3. Nf3 b6 4. g3 Ba6 5. Qa4 c6 6. Nc3 Be7 7. Bf4 Bb7 8. e4 d5
9. cxd5 exd5 10. e5 Nfd7 11. Bd3 Nf8 12. O-O Ne6 13. Qc2 g6 14. Rfd1 O-O 15.
Bh6 Ng7 16. Qd2 Na6 17. Ng5 Nc7 18. f4 Nce6 19. Nf3 f5 20. h4 Rf7 21. Bg5 Nxg5
22. Nxg5 Bxg5 23. hxg5 Ne6 24. Bf1 a6 25. Bg2 a5 26. a3 Ba6 27. b3 Rd7 28. Rac1
Rc8 29. Qb2 Kg7 30. Rd2 h5 31. gxh6+ Kxh6 32. Nd1 b5 33. b4 Ra7 34. Ne3 Bb7 35.
Bh3 Qf8 36. Qb1 axb4 37. Bxf5 Rxa3 38. Bxg6 Rxe3 39. Rh2+ Kg7 40. Rh7+ Kg8 41.
Bf7+ Qxf7 42. Rxf7 Kxf7 43. Qf5+ Ke7 44. Qf6+ Kd7 45. Qf7+ Kd8 46. Qxe6 Ra8 47.
Qd6+ Kc8 48. Rxc6+ Bxc6 49. Qxc6+ Kb8 50. Qxb5+ Kc7 51. Qc5+ Kb8 52. Qxb4+ Kc7
53. Qc5+ Kb8 54. Qb6+ Kc8 55. Qc6+ Kb8 56. Qe8+ Kb7 57. Qd7+ Kb8 58. Qd8+ Kb7
59. Qxd5+ Kb8 60. Kh2 1-0

[Event "LTU chess league"]
[Site "LTU"]
[Date "2008.12.14"]
[Round "4.15"]
[White "Domarkaite, Laima"]
[Black "Zaksaite, Salomeja"]
[Result "1-0"]
[WhiteElo "2165"]
[BlackElo "2211"]
[PlyCount "81"]
[EventDate "2008.11.08"]

1. e4 c5 2. Nf3 e6 3. c3 Nf6 4. e5 Nd5 5. d4 cxd4 6. cxd4 d6 7. a3 Nc6 8. Bc4
Nb6 9. Bd3 Qc7 10. exd6 Bxd6 11. Nc3 Bd7 12. Be3 a6 13. Ng5 h6 14. Nge4 O-O-O
15. Qb3 Be7 16. O-O f5 17. d5 Nxd5 18. Nxd5 exd5 19. Bb6 Qe5 20. Bxd8 Rxd8 21.
Nc3 Bd6 22. g3 d4 23. Rfe1 Qa5 24. Nd5 Kb8 25. Nb6 Ne5 26. Nxd7+ Rxd7 27. Bxf5
Re7 28. Rec1 Rf7 29. Rc8+ Ka7 30. Be4 g5 31. Bd5 Re7 32. Re8 Rc7 33. Rd1 d3 34.
Re6 Qc5 35. h3 Rd7 36. Rxh6 Bf8 37. Rh8 Rxd5 38. Rxf8 d2 39. Rf5 Qd4 40. Qe3
Nc4 41. Rxd5 1-0

[Event "LTU chess league"]
[Site "LTU"]
[Date "2008.12.14"]
[Round "4.21"]
[White "Sulskis, Sarunas"]
[Black "Sakalauskas, Vaidas"]
[Result "1/2-1/2"]
[WhiteElo "2572"]
[BlackElo "2404"]
[PlyCount "118"]
[EventDate "2008.11.08"]

1. e4 e6 2. d4 d5 3. Nc3 Nf6 4. Bg5 Be7 5. e5 Nfd7 6. h4 Bxg5 7. hxg5 Qxg5 8.
Nh3 Qe7 9. Nf4 Nc6 10. Bb5 g6 11. Ncxd5 exd5 12. Nxd5 Qd8 13. Qd2 Ncxe5 14.
dxe5 c6 15. O-O-O cxd5 16. Qxd5 Qg5+ 17. Kb1 O-O 18. Bxd7 Bxd7 19. Qxd7 Qxe5
20. Qh3 Qg7 21. Rd7 b6 22. g4 Rfd8 23. g5 Rxd7 24. Qxd7 Qe5 25. Qh3 Qg7 26. f4
Rf8 27. Rd1 f5 28. Qb3+ Qf7 29. Rd7 Qxb3 30. axb3 Re8 31. Rxa7 Re4 32. Ra4 Re6
33. Ra8+ Kf7 34. Ra7+ Kg8 35. Kc1 Re4 36. Ra4 Re2 37. Rb4 Rf2 38. Kd1 h5 39.
gxh6 Kh7 40. c3 Kxh6 41. Ke1 Rxb2 42. Rxb6 Kh5 43. b4 Kg4 44. Rxg6+ Kxf4 45.
Kd1 Ke3 46. Kc1 Rh2 47. b5 f4 48. b6 f3 49. b7 f2 50. Re6+ Kd3 51. Rf6 Rh8 52.
Rxf2 Rb8 53. Rf7 Kxc3 54. Rc7+ Kb4 55. Kc2 Kb5 56. Kc3 Kb6 57. Rc4 Rxb7 58.
Rb4+ Kc7 59. Rxb7+ Kxb7 1/2-1/2

[Event "LTU chess league"]
[Site "LTU"]
[Date "2008.12.14"]
[Round "4.22"]
[White "Kudzma, Laimonas"]
[Black "Malisauskas, Vidmantas"]
[Result "1/2-1/2"]
[WhiteElo "2255"]
[BlackElo "2479"]
[PlyCount "82"]
[EventDate "2008.11.08"]

1. Nf3 c5 2. e3 Nf6 3. b3 g6 4. Bb2 Bg7 5. c4 O-O 6. Nc3 Nc6 7. d4 cxd4 8. Nxd4
d5 9. Nxd5 Nxd5 10. cxd5 Qxd5 11. Nxc6 Qxc6 12. Rc1 Qb6 13. Bxg7 Kxg7 14. Bd3
Be6 15. O-O Rac8 16. Qe2 Rxc1 17. Rxc1 Rd8 18. Bc4 Bxc4 19. Rxc4 Qa5 20. Ra4
Qc3 21. g3 Rd2 22. Qf3 Qd3 23. Rd4 Qb1+ 24. Kg2 Rxa2 25. Qd5 Qf5 26. Qxf5 gxf5
27. Rd7 b5 28. Rxe7 b4 29. Rb7 a5 30. Rb6 Ra3 31. Rb5 Kf6 32. Kf3 Rxb3 33. Rxa5
Rb2 34. Rb5 b3 35. h3 Ke6 36. g4 fxg4+ 37. hxg4 Kd6 38. Ke4 Kc6 39. Rb8 Rb1 40.
Kd4 Rd1+ 41. Ke4 Rb1 1/2-1/2

[Event "LTU chess league"]
[Site "LTU"]
[Date "2008.12.14"]
[Round "4.23"]
[White "Beinoras, Mindaugas"]
[Black "Varnas, Vygantas"]
[Result "1-0"]
[WhiteElo "2434"]
[BlackElo "2160"]
[PlyCount "77"]
[EventDate "2008.11.08"]

1. d4 Nf6 2. c4 g6 3. Nc3 d5 4. Nf3 Bg7 5. Bg5 c6 6. e3 O-O 7. Be2 Bg4 8. Bxf6
Bxf6 9. cxd5 cxd5 10. Qb3 e6 11. Qxb7 Qb6 12. Qxb6 axb6 13. Nd2 Bxe2 14. Kxe2
Rc8 15. f4 Nd7 16. Rhc1 Be7 17. a3 f6 18. Rc2 Rc6 19. Rac1 Kf7 20. g4 h5 21.
gxh5 gxh5 22. f5 Rg8 23. fxe6+ Rxe6 24. Nf3 Rd6 25. Kd3 Nb8 26. Nh4 Ke6 27. Ng2
Rgd8 28. Nf4+ Kf7 29. Rg1 h4 30. Rcg2 Bf8 31. Rg4 Bh6 32. Rxh4 f5 33. Rh5 Bxf4
34. exf4 Rf6 35. Rh7+ Ke6 36. Re1+ Kd6 37. Nb5+ Kc6 38. a4 Rd7 39. Rc1+ 1-0

[Event "LTU chess league"]
[Site "LTU"]
[Date "2008.12.14"]
[Round "4.25"]
[White "Laurusaite, Brigita"]
[Black "Kalvyte, Vesta"]
[Result "1-0"]
[WhiteElo "2058"]
[BlackElo "1981"]
[PlyCount "79"]
[EventDate "2008.11.08"]

1. e4 c5 2. Nf3 e6 3. d4 cxd4 4. Nxd4 Nc6 5. Nxc6 bxc6 6. Bd3 d5 7. Nd2 Nf6 8.
O-O Be7 9. b3 O-O 10. Bb2 a5 11. a4 Ba6 12. Bxa6 Rxa6 13. Qe2 Rb6 14. Rad1 Qc7
15. Kh1 Qf4 16. g3 Qg4 17. Qxg4 Nxg4 18. h3 Nf6 19. e5 Nd7 20. f4 Rbb8 21. Rf3
Rfc8 22. g4 Bb4 23. Nf1 Be7 24. Ng3 f6 25. exf6 Bxf6 26. Bc3 Bxc3 27. Rxc3 Rb4
28. f5 e5 29. Rxd5 Rd4 30. Rxa5 c5 31. Kg2 Rd2+ 32. Kf1 Rh2 33. Ne4 Rd8 34. Rd3
c4 35. bxc4 Rb8 36. Rb5 Rxb5 37. axb5 Nb6 38. Nf2 e4 39. Rd8+ Kf7 40. Kg1 1-0

[Event "LTU chess league"]
[Site "LTU"]
[Date "2008.12.14"]
[Round "4.31"]
[White "Bucinskas, Valdas"]
[Black "Zilinskas, Vaidas"]
[Result "1-0"]
[WhiteElo "2325"]
[BlackElo "2131"]
[PlyCount "67"]
[EventDate "2008.11.08"]

1. e4 c6 2. d4 d5 3. Nc3 dxe4 4. Nxe4 Nf6 5. Nxf6+ gxf6 6. c3 Bf5 7. Ne2 e5 8.
Be3 Be7 9. Ng3 Be6 10. Qh5 Qb6 11. b4 Qc7 12. Bd3 Nd7 13. Nf5 Bf8 14. O-O O-O-O
15. Qh4 Kb8 16. Rfd1 Rg8 17. Be4 h5 18. f3 Bxf5 19. Bxf5 Bd6 20. Kh1 Nb6 21.
Be4 Nc4 22. Bg1 Rg5 23. Qf2 Nb6 24. d5 f5 25. h4 Rg7 26. Bxf5 cxd5 27. Rxd5
Rdg8 28. Bh3 f5 29. Rad1 Nxd5 30. Qxa7+ Kc8 31. Rxd5 Rf8 32. Bc5 Rf6 33. Bxf5+
Kd8 34. Bb6 1-0

[Event "LTU chess league"]
[Site "LTU"]
[Date "2008.12.14"]
[Round "4.33"]
[White "Tvarijonas, Povilas"]
[Black "Narmontas, Raimondas"]
[Result "1-0"]
[WhiteElo "2305"]
[BlackElo "2131"]
[PlyCount "81"]
[EventDate "2008.11.08"]

1. e4 c5 2. Nf3 e6 3. d4 cxd4 4. Nxd4 Qb6 5. Nb3 Qc7 6. Bd3 a6 7. c4 Nf6 8. f4
Nc6 9. O-O Nb4 10. Be3 b6 11. e5 Ng4 12. Bd4 Nxd3 13. Qxd3 Bb7 14. N1d2 Nh6 15.
Rac1 Nf5 16. c5 Qc6 17. Nf3 Nxd4 18. Qxd4 bxc5 19. Nxc5 Bxc5 20. Rxc5 Qe4 21.
Qd2 O-O 22. Ng5 Qg6 23. Qxd7 Bxg2 24. Kxg2 h6 25. Qd2 Rad8 26. Qc2 hxg5 27.
Qxg6 fxg6 28. Rc6 gxf4 29. Rxe6 g5 30. Rxa6 Rf5 31. e6 Re5 32. Rf2 Rd4 33. Kf3
Rd3+ 34. Kg4 Rd1 35. Rg2 Rf1 36. Kh5 Kh7 37. Rxg5 Re2 38. h4 f3 39. Ra7 Rxe6
40. Raxg7+ Kh8 41. Rg8+ 1-0

[Event "LTU chess league"]
[Site "LTU"]
[Date "2008.12.14"]
[Round "4.34"]
[White "Bursteinas, Josifas"]
[Black "Limontas, Martynas"]
[Result "1/2-1/2"]
[WhiteElo "2130"]
[BlackElo "2282"]
[PlyCount "50"]
[EventDate "2008.11.08"]

1. e4 e6 2. d4 d5 3. Nc3 Bb4 4. e5 Ne7 5. a3 Bxc3+ 6. bxc3 b6 7. Qg4 Ng6 8. h4
h5 9. Qg3 Ba6 10. Ne2 Qd7 11. Nf4 Nxf4 12. Bxf4 f6 13. exf6 gxf6 14. Qg6+ Qf7
15. Qxf7+ Kxf7 16. Bxc7 Bxf1 17. Rxf1 Nc6 18. Bf4 Rhg8 19. g3 Rac8 20. O-O-O
Na5 21. Kb2 Rc6 22. Rd3 Rgc8 23. Rg1 Nc4+ 24. Ka2 Na5 25. Kb2 Nc4+ 1/2-1/2

[Event "LTU chess league"]
[Site "LTU"]
[Date "2008.12.14"]
[Round "4.41"]
[White "Macenis, Audrius"]
[Black "Pileckis, Emilis"]
[Result "1-0"]
[WhiteElo "2165"]
[BlackElo "2472"]
[PlyCount "111"]
[EventDate "2008.11.08"]

1. e4 c5 2. Nf3 Nc6 3. Bb5 g6 4. Bxc6 dxc6 5. d3 Bg7 6. Nc3 Bg4 7. O-O Nf6 8.
Be3 Nd7 9. h3 Bxf3 10. Qxf3 O-O 11. Qe2 e5 12. Qd2 Re8 13. Ne2 Qe7 14. Rab1
Rad8 15. Qc3 b6 16. b4 cxb4 17. Qxc6 Rc8 18. Qa4 Bf8 19. f4 Qe6 20. fxe5 Nxe5
21. Nf4 Qc6 22. Qxc6 Rxc6 23. Nd5 Nd7 24. Rf2 f5 25. Nxb4 Rd6 26. Bf4 Rde6 27.
exf5 Re1+ 28. Rf1 Bc5+ 29. d4 Bxd4+ 30. Kh2 Rxb1 31. Rxb1 Re4 32. Bg3 gxf5 33.
Rf1 Bg7 34. Nc6 Rc4 35. Ne7+ Kf7 36. Nxf5 Ra4 37. Nxg7+ Kxg7 38. Re1 Nc5 39.
Re7+ Kg6 40. Bb8 Rxa2 41. Bxa7 Rxc2 42. Bxb6 Nd3 43. Bd4 Nf4 44. Rg7+ Kh6 45.
Rg4 Ng6 46. h4 Re2 47. Kg3 Re7 48. Kh3 Re8 49. g3 Re2 50. Rg5 Re4 51. Bb2 Rc4
52. Rf5 Rc7 53. h5 Ne7 54. Re5 Nc6 55. Rc5 Rc8 56. g4 1-0

[Event "LTU chess league"]
[Site "LTU"]
[Date "2008.12.14"]
[Round "4.42"]
[White "Labeckas, Kestutis"]
[Black "Vasylius, Kestutis"]
[Result "1-0"]
[WhiteElo "2345"]
[BlackElo "2105"]
[PlyCount "65"]
[EventDate "2008.11.08"]

1. d4 e6 2. c4 f5 3. g4 Nf6 4. gxf5 exf5 5. Bg2 Nc6 6. Nc3 Bb4 7. Bg5 O-O 8.
Nf3 Qe8 9. Bxf6 Bxc3+ 10. bxc3 Rxf6 11. c5 b6 12. d5 Ne5 13. Qd4 Nxf3+ 14. Bxf3
d6 15. cxd6 cxd6 16. Rg1 Rg6 17. O-O-O Rxg1 18. Rxg1 Qe7 19. e3 Bd7 20. Kd2 Rc8
21. Bd1 Bb5 22. Bb3 Rc7 23. h4 Qf7 24. Rg5 h6 25. Rg3 Re7 26. Bc2 f4 27. exf4
Re2+ 28. Kc1 Qc7 29. f5 Re7 30. f6 Rf7 31. Qe4 Kf8 32. Qh7 gxf6 33. Qg8+ 1-0

[Event "LTU chess league"]
[Site "LTU"]
[Date "2008.12.14"]
[Round "4.43"]
[White "Setkauskas, Vaidas"]
[Black "Ciuksyte, Dagne"]
[Result "1-0"]
[WhiteElo "2065"]
[BlackElo "2339"]
[PlyCount "83"]
[EventDate "2008.11.08"]

1. e4 c5 2. Nf3 e6 3. c3 Nf6 4. e5 Nd5 5. d4 cxd4 6. cxd4 d6 7. Bd3 Nb4 8. Be2
dxe5 9. dxe5 Qxd1+ 10. Kxd1 Bc5 11. a3 Nd5 12. Bb5+ Nc6 13. Ke2 Bd7 14. Bc4
O-O-O 15. Rd1 Na5 16. Bxd5 Bb5+ 17. Ke1 Rxd5 18. Rxd5 exd5 19. Nbd2 Nc6 20. Nb3
Bb6 21. Be3 Re8 22. Bxb6 axb6 23. Kd2 Nxe5 24. Nxe5 Rxe5 25. Re1 Re4 26. Rxe4
dxe4 27. Ke3 f5 28. Nd4 Bd7 29. Kf4 g6 30. Ke5 Kc7 31. h4 Kd8 32. Kf6 Kc7 33.
Ke5 Kd8 34. Kd6 Ba4 35. b3 Bd7 36. g3 Bc8 37. Ne2 Bd7 38. Nf4 Bc6 39. h5 Be8
40. Ne6+ Kc8 41. h6 Bf7 42. Ng5 1-0

[Event "LTU chess league"]
[Site "LTU"]
[Date "2008.12.14"]
[Round "4.44"]
[White "Rudys, Arunas"]
[Black "Rimeikis, Andrius"]
[Result "1-0"]
[WhiteElo "2052"]
[BlackElo "1983"]
[PlyCount "125"]
[EventDate "2008.11.08"]

1. d4 d5 2. c4 e6 3. Nc3 Nf6 4. cxd5 exd5 5. Bg5 Be7 6. e3 O-O 7. Bd3 Nbd7 8.
Qc2 Re8 9. Nge2 c6 10. O-O Nf8 11. h3 Ng6 12. Ng3 Bd6 13. Rae1 h6 14. Bxf6 Qxf6
15. f4 Ne7 16. Nce2 Bb4 17. Rd1 Qe6 18. Rf3 f5 19. Nc1 b6 20. a3 Bd6 21. Nf1
Bd7 22. b4 a5 23. Qb3 b5 24. Na2 axb4 25. Nxb4 Ra4 26. Nd2 Rea8 27. Nb1 Bxb4
28. axb4 Qd6 29. Rf2 Rxb4 30. Qc3 Rba4 31. Nd2 b4 32. Qc5 Qxc5 33. dxc5 Ra1 34.
Rff1 Rxd1 35. Rxd1 Ra3 36. Nf3 Rc3 37. Ne5 Bc8 38. Rb1 b3 39. Kf2 Kh7 40. Ke2
Ng6 41. Nxc6 Rxc5 42. Nd4 Ra5 43. Rxb3 Ra2+ 44. Kf1 Ra1+ 45. Bb1 Ba6+ 46. Kf2
Bc4 47. Rb6 Nh4 48. g3 Rxb1 49. Rxb1 Ng6 50. Rb7 Nf8 51. Nxf5 Ne6 52. Re7 Kg6
53. Rxe6+ Kxf5 54. Re5+ Kf6 55. h4 Kf7 56. Ke1 Kf6 57. Kd2 Kf7 58. Kc3 Kf6 59.
Kd4 Ba2 60. g4 Bb3 61. h5 Ba2 62. g5+ hxg5 63. fxg5+ 1-0

[Event "LTU chess league"]
[Site "LTU"]
[Date "2008.12.14"]
[Round "4.45"]
[White "Zalimaite, Ieva"]
[Black "Berzina, Ilze"]
[Result "0-1"]
[WhiteElo "1857"]
[BlackElo "2320"]
[PlyCount "116"]
[EventDate "2008.11.08"]

1. c4 e5 2. g3 Nf6 3. Bg2 d5 4. cxd5 Nxd5 5. Nc3 Nb6 6. d3 Be7 7. Nf3 Nc6 8.
O-O O-O 9. a3 Be6 10. b4 a6 11. Bb2 f6 12. Rc1 Qe8 13. Ne4 Qf7 14. Ned2 Rfd8
15. Qc2 Rac8 16. Nc4 e4 17. Nfd2 exd3 18. exd3 Bd5 19. Nxb6 cxb6 20. Bxd5 Qxd5
21. Nc4 Qf3 22. Nxb6 Nd4 23. Nxc8 Nxc2 24. Rxc2 Bf8 25. d4 Qb3 26. Rfc1 Rxc8
27. Rxc8 Qxb2 28. d5 Qd2 29. R1c5 b6 30. R5c7 Qd1+ 31. Kg2 Qxd5+ 32. Kg1 Qe5
33. Rc3 Kf7 34. Re3 Qa1+ 35. Kg2 a5 36. bxa5 bxa5 37. Ra8 Bc5 38. Rf3 Qe1 39.
Rc8 Bd4 40. Rd8 Qe4 41. h3 h5 42. h4 Ke7 43. Rg8 Kf7 44. Rb8 Kg6 45. Rbb3 Kh6
46. Kf1 a4 47. Rbd3 g5 48. hxg5+ fxg5 49. g4 hxg4 50. Rg3 Qf4 51. Rg2 Qe4 52.
Rd1 Kg6 53. Rg3 Be5 54. Re3 Qf4 55. Red3 Qh2 56. Rd5 Qh1+ 57. Ke2 Qf3+ 58. Kf1
g3 0-1

[Event "LTU chess league"]
[Site "LTU"]
[Date "2008.12.14"]
[Round "4.51"]
[White "Narmontas, Matas"]
[Black "Burstein, Roman"]
[Result "1-0"]
[WhiteElo "2381"]
[BlackElo "2331"]
[PlyCount "37"]
[EventDate "2008.11.08"]

1. e4 c5 2. Nf3 e6 3. d4 cxd4 4. Nxd4 a6 5. c4 Nf6 6. Nc3 Qc7 7. Be2 Nc6 8. O-O
Bb4 9. Qd3 O-O 10. Bg5 Bxc3 11. bxc3 Qe5 12. f4 Qxe4 13. Qd2 Nxd4 14. cxd4 Qg6
15. Bd3 Ne4 16. Qa5 f6 17. Rae1 fxg5 18. Bxe4 Qe8 19. fxg5 1-0

[Event "LTU chess league"]
[Site "LTU"]
[Date "2008.12.14"]
[Round "4.52"]
[White "Baliasnyj, Timur"]
[Black "Dubovikas, Tomas"]
[Result "1-0"]
[WhiteElo "2238"]
[BlackElo "2185"]
[PlyCount "97"]
[EventDate "2008.11.08"]

1. c4 c5 2. g3 g6 3. Bg2 Bg7 4. Nc3 Nc6 5. Nf3 a6 6. O-O Rb8 7. e3 b5 8. d4
cxd4 9. Nxd4 Nxd4 10. exd4 bxc4 11. Qe2 Nf6 12. Qxc4 O-O 13. Re1 e6 14. d5 Bb7
15. Bf4 Rc8 16. Qb3 Ba8 17. Rad1 Qa5 18. Re2 Rfe8 19. dxe6 dxe6 20. Bxa8 Rxa8
21. Be5 Rad8 22. Rde1 Rd3 23. Qc4 Rd7 24. Qh4 Qd8 25. Qa4 Qc8 26. Rc2 Qb7 27.
Qh4 Qf3 28. Qf4 Qxf4 29. Bxf4 Red8 30. Be5 Ng4 31. Bxg7 Kxg7 32. h3 Nf6 33. Kf1
Rb8 34. Ke2 Rdb7 35. Na4 Nd5 36. a3 a5 37. Rec1 h5 38. Rc8 Rxc8 39. Rxc8 Rb5
40. Rc5 Rb3 41. Rxa5 h4 42. g4 Nf4+ 43. Kd2 Rd3+ 44. Kc2 Rf3 45. b4 Rxa3 46.
Nc3 Rxa5 47. bxa5 e5 48. a6 Ne6 49. Nb5 1-0

[Event "LTU chess league"]
[Site "LTU"]
[Date "2008.12.14"]
[Round "4.53"]
[White "Klabis, Rokas"]
[Black "Fichmanas, Risardas"]
[Result "1/2-1/2"]
[WhiteElo "1849"]
[BlackElo "2289"]
[PlyCount "29"]
[EventDate "2008.11.08"]

1. e4 d5 2. exd5 Qxd5 3. Nc3 Qd6 4. d4 Nf6 5. Nf3 Bg4 6. Be2 a6 7. O-O Nc6 8.
Be3 O-O-O 9. Ng5 Be6 10. Nxe6 fxe6 11. Bg4 h5 12. Bf3 Nxd4 13. Bxd4 Qxd4 14.
Qe2 Rd6 15. Rad1 1/2-1/2